000
00191nam a2200073Ia 4500
008
170524s9999 xx 000 0 und d
100
_a
GUPTA K K
245
0
_a
MECHANICAL DESIGN & ESTIMATION (HINDI)
260
_b
ASIAN PUB. MZN
999
_c
7851
_d
7851